| 000 | 00571nam a22001937a 4500 | ||
|---|---|---|---|
| 005 | 20140116103630.0 | ||
| 010 | _aENG-109092 | ||
| 020 |
_a9788174468369 _c695.00 |
||
| 035 | _aEN-92625 | ||
| 037 | _bDBAD/PUB | ||
| 082 | _a381.800954 | ||
| 245 |
_aThink global go rural / _cedited by K V Kannan |
||
| 260 |
_aNew Delhi _bExcel Books _c2011 |
||
| 270 |
_aA- 45, Naraina, Phase 1 _bNew Delhi _e110028 |
||
| 300 |
_axvi,539p. _c24cm(pbk) |
||
| 500 | _aIncludes bibliographical references | ||
| 700 | _aKannan,K.V. | ||
| 942 |
_2ddc _cEN _mTHI _h381.800954 |
||
| 999 |
_c81872 _d81872 |
||